000 00679nam a2200205 i 4500
001 37033
003 ES-MaACL
005 20250808015940.0
007 t|
008 030220s1968 sp ||||1| spa d
100 1 _aBrungs, Robert A.
_932176
245 1 0 _aEdificando la ciudad
_b: respuesta cristiana y responsabilidad /
_cpor Robert A. Brungs ; [traducido por Carlos Pérez Ruales].
260 _aSantander :
_bSal Terrae,
_c[1968]
300 _a214 p. ;
_c22 cm.
490 1 _aEspíritu y vida ;
_v14
700 1 _aPérez Ruales, Carlos.
_991126
830 0 0 _aEspíritu y vida
_v14
_9181679
852 _aES-MaACL
_jC-47843
_bR.67504
999 _c37033
_d37033